Brighten your english writing skills / (Record no. 103173)

MARC details
000 -LEADER
fixed length control field 00615nam a22001937a 4500
005 - DATE AND TIME OF LATEST TRANSACTION
control field 20221216145405.0
010 ## - LCCN (DPL NO)
LC control number ENG-115974 ENG-135892
020 ## - INTERNATIONAL STANDARD BOOK NUMBER
International Standard Book Number 9789383278077
Terms of availability 750.00
035 ## - SYSTEM CONTROL NUMBER
System control number EN-99506
035 ## - SYSTEM CONTROL NUMBER
System control number EN-119424
037 ## - SOURCE OF ACQUISITION
Source of stock number/acquisition DBAD/PUB
082 ## - DEWEY DECIMAL CLASSIFICATION NUMBER
Classification number 488.24
100 ## - MAIN ENTRY--PERSONAL NAME
Dates associated with a name Krishna Kumar Singh
245 ## - TITLE STATEMENT
Title Brighten your english writing skills /
Statement of responsibility, etc by Krishna Kumar Singh
260 ## - PUBLICATION, DISTRIBUTION, ETC. (IMPRINT)
Place of publication, distribution, etc Delhi
Name of publisher, distributor, etc Book Treee Publishing House
Date of publication, distribution, etc 2015
270 ## - ADDRESS
Address 1376, Atma Ram Building Behind Indian Bank,Kahmiri Gate
City Delhi
Postal code 110032
300 ## - PHYSICAL DESCRIPTION
Extent xix,283p.
Dimensions 23cm (Hb)
942 ## - ADDED ENTRY ELEMENTS (KOHA)
Source of classification or shelving scheme Dewey Decimal Classification
Item type English Books
Classification part 488.24
Call number suffix KRI
Holdings
Withdrawn status Lost status Not for loan Collection code Home library Current library Date acquired Source of acquisition Cost, normal purchase price Full call number Barcode Copy number Cost, replacement price Koha item type
      Non-fiction R.C.Libraries (zls) R.C.Libraries (zls) 16/12/2022 DBAD/PUB 750.00 488.24 KRI EN-119424 1 750.00 English Books
      Non-fiction Shahdara Branch Shahdara Branch 08/09/2016 DBAD/PUB 750.00 488.24 KRI EN-99506 1 750.00 English Books

© Delhi Public Library
Hit Counter
free hit counter